The national interest (Record no. 38703)

MARC details
000 -LEADER
fixed length control field 00417nam a2200157Ia 4500
022 ## - INTERNATIONAL STANDARD SERIAL NUMBER
ISSN 08849382
050 ## - CALL MARK
Classification number UA10.5 .N38/
245 #4 - TITLE STATEMENT
Title The national interest
260 ## - PUBLICATION, DISTRIBUTION, ETC. (IMPRINT)
Name of publisher Ministry of Culture and Tourism
260 ## - PUBLICATION, DISTRIBUTION, ETC. (IMPRINT)
Year of publication 2010
300 ## - PHYSICAL DESCRIPTION
Number of Pages 96 p. , : ill. ; 26 cm.
650 ## - SUBJECT ADDED ENTRY--TOPICAL TERM
Topical Term Security--periodicals. Armies--periodicals.
942 ## - ADDED ENTRY ELEMENTS (KOHA)
Koha item type Serials

No items available.